| 000 | 00714nam a22002057a 4500 | ||
|---|---|---|---|
| 005 | 20211030115409.0 | ||
| 008 | 211030b ||||| |||| 00| 0 eng d | ||
| 020 | _a8976681088 | ||
| 040 | _cAL | ||
| 041 | _aeng | ||
| 082 |
_223 _a327.54 _bCOMT |
||
| 100 |
_aCommittee For Commemoration of the 30th Anniversary of Korea India Diplomatic Relations Ed _99396 |
||
| 245 | _aThirty Years of Korea India Relations | ||
| 260 |
_aKorea _bShingu Publishing Co _c2003 |
||
| 300 |
_ax,477 p. _bHB _c26x14 cm. |
||
| 650 |
_aInternational Relations _99397 |
||
| 651 |
_aKorea- India _99398 |
||
| 700 |
_aCommittee For Commemoration of the 30th Anniversary of Korea India Diplomatic Relations Ed _99396 |
||
| 942 |
_2ddc _cGF |
||
| 999 |
_c220306 _d220306 |
||